Premier League Teams 2021/22 - Statistics

General Stats
  • This quiz has been taken 318 times
    271 since last reset
  • The average score is 18 of 20
Answer Stats
Answer % Correct
Manchester City
99%
Manchester United
99%
Arsenal
98%
Tottenham Hotspur
97%
Liverpool
96%
Chelsea
95%
Aston Villa
93%
Brighton & Hove Albion
91%
West Ham United
91%
Wolverhampton Wanderers
89%
Everton
88%
Leicester City
87%
Newcastle United
87%
Crystal Palace
86%
Brentford
85%
Burnley
81%
Norwich City
81%
Southampton
80%
Leeds United
77%
Watford
73%
No matching quizzes found
Score Distribution
Percent of People with Each Score
Percentile by Number Answered
Your Score History
You have not taken this quiz since the last reset